Platební karty a jejich bezpečnost

Nové bezpečnostné prvky a technológie, ktoré pomáhajú riziko zneužitia platobnej karty eliminovať. Od magnetických prúžkov k čipu. Prístup klientov do internetového bankovníctva založený na niekoľkých na sebe nezávislých bezpečnostných prvkoch. Technológia 3D Secure. Bezkontaktné platby pri nižších...

Descrizione completa

Salvato in:
Dettagli Bibliografici
Autore principale: Řezníček, Milan
Natura: Capitolo di libro
Lingua:ceco
Soggetti:
Tags: Aggiungi Tag
Nessun Tag, puoi essere il primo ad aggiungerne!!

MARC

LEADER 00000naa a2200000 4500
001 0150726
005 20231211082104.3
041 0 |a cze 
044 |a CZ 
245 1 0 |a Platební karty a jejich bezpečnost  |c Milan Řezníček 
520 |a Nové bezpečnostné prvky a technológie, ktoré pomáhajú riziko zneužitia platobnej karty eliminovať. Od magnetických prúžkov k čipu. Prístup klientov do internetového bankovníctva založený na niekoľkých na sebe nezávislých bezpečnostných prvkoch. Technológia 3D Secure. Bezkontaktné platby pri nižších sumách. Priebeh bezkontaktných platieb. 
610 2 0 |a bankovníctvo elektronické 
610 2 0 |a banky 
610 2 0 |a karty platobné 
610 2 0 |a bezpečnosť 
610 2 0 |a internetbanking 
610 2 0 |a technológie nové 
100 1 |a Řezníček, Milan